Cinta 3 musim (Record no. 167950)

MARC details
000 -LEADER
fixed length control field 00767nam a2200205 i 4500
001 - CONTROL NUMBER
control field C2-0341799
003 - CONTROL NUMBER IDENTIFIER
control field PPAK
005 - DATE AND TIME OF LATEST TRANSACTION
control field 20180729001423.0
008 - FIXED-LENGTH DATA ELEMENTS--GENERAL INFORMATION
fixed length control field 170614s2003 my |||| ||||| | may d
040 ## - CATALOGING SOURCE
Original cataloging agency PPAK
Language of cataloging eng
Transcribing agency PPAK
Description conventions rda
245 10 - TITLE STATEMENT
Title Cinta 3 musim
264 #1 - PRODUCTION, PUBLICATION, DISTRIBUTION, MANUFACTURE, AND COPYRIGHT NOTICE
Place of production, publication, distribution, manufacture Kuala Lumpur :
Name of producer, publisher, distributor, manufacturer Wayang Tinggi Entertainment ,
Date of production, publication, distribution, manufacture, or copyright notice 2003
336 ## - CONTENT TYPE
Source rdacontent
Content type term text
337 ## - MEDIA TYPE
Source rdamedia
Media type term unmediated
338 ## - CARRIER TYPE
Source rdacarrier
Carrier type term volume
500 ## - GENERAL NOTE
General note Summaries : Ayuni dan Imran menjumpai cinta sejati. Namun cinta mereka terhalang dan terpaksa berpisah. Lima tahun kemudian ... mereka bertemu lagi. Ayuni dan Imran kini hampir pasti mereka dicipta untuk bersama. Dilemmanya Imrasn sudah pun
700 ## - ADDED ENTRY--PERSONAL NAME
Relator term author
Personal name Aziz M. Osman,
Relator term compile
942 ## - ADDED ENTRY ELEMENTS (KOHA)
Source of classification or shelving scheme Dewey Decimal Classification
Koha item type Video Compact Disc
Holdings
Withdrawn status Lost status Source of classification or shelving scheme Damaged status Not for loan Home library Current library Shelving location Date acquired Cost, normal purchase price Total Checkouts Full call number Barcode Date last seen Cost, replacement price Price effective from Koha item type
    Dewey Decimal Classification     Perpustakaan Alor Setar Perpustakaan Alor Setar Pinjaman Dewasa 29/08/2017 0.00   791.4372 AZI A00731488 05/07/2018 10.00 05/07/2018 Video Compact Disc